|
|
|
|
| LEADER |
00000nab a2200000 a 4500 |
| 001 |
vtls000777910 |
| 003 |
SK-MaSNL |
| 005 |
20260302152846.0 |
| 008 |
160322c2001 xo 0 slo |
| 015 |
|
|
|a SNBRB2001/12-35497
|
| 035 |
|
|
|a CLN000129691
|
| 040 |
|
|
|a SNKBUCL
|b slo
|c SNKBUCL
|e AACR2
|
| 041 |
0 |
|
|a slo
|
| 044 |
|
|
|a xo
|c SK
|
| 080 |
|
|
|a 730.071.1
|2 UDC-MRF-SK2
|
| 080 |
|
|
|a 929 Jankovič, Jozef
|2 UDC-MRF-SK2
|
| 100 |
1 |
|
|a Petránsky, Ľudovít,
|d 1943-2021
|4 ain
|9 92780
|
| 245 |
1 |
0 |
|a Umenie ako štýl a pokus o stretnutie
|b jediná obrana je urobiť viac diel, ako je schopné nepriaznivé prostredie o čas zničiť, hovorí sochár Jozef Jankovič
|c [zhováral sa] Ľudo Petránsky
|
| 300 |
|
|
|b Fotogr.
|
| 600 |
1 |
7 |
|a Jankovič, Jozef,
|d 1937-2017
|2 snkbucl
|9 165134
|
| 655 |
|
7 |
|a články z novín a časopisov
|2 snkbucl
|9 267496
|
| 700 |
1 |
|
|a Jankovič, Jozef,
|d 1937-2017
|4 aut
|4 uin
|9 165134
|
| 773 |
0 |
|
|t Sme
|g Roč. 9, č. 274 (29.11.2001), s. 9
|
| 850 |
|
|
|a Slovenská národná knižnica v Martine
|
| 852 |
|
|
|a SNK
|b KIS3GCP
|
| 958 |
|
|
|a SK
|
| 958 |
|
|
|a BX
|
| 958 |
|
|
|a RBX
|
| 999 |
|
|
|c 1363708
|d 1365638
|